[Event "76 Ukrainian Chess Championship (Final)"]
[Site "Kharkiv"]
[Date "2007.11.17"]
[Round "1"]
[White "Zinchenko, Yaroslav"]
[Black "Kryvoruchko, Yuriy"]
[Result "1/2-1/2"]
[WhiteElo "2505"]
[BlackElo "2598"]
[PlyCount "53"]
[EventDate "2007.11.17"]

1. e4 e5 2. Nf3 Nc6 3. Bb5 a6 4. Ba4 Nf6 5. O-O Be7 6. Re1 b5 7. Bb3 d6 8. c3
O-O 9. h3 Nb8 10. d4 Nbd7 11. Nbd2 Bb7 12. Bc2 Re8 13. a4 Bf8 14. Bd3 c6 15. b4
Qc7 16. axb5 axb5 17. Rxa8 Rxa8 18. Qe2 Re8 19. dxe5 dxe5 20. Nb3 Nb6 21. Bd2
Bc8 22. Na5 h6 23. c4 bxc4 24. Nxc4 Nxc4 25. Bxc4 Be6 26. Rc1 Qb8 27. Bxe6
1/2-1/2

[Event "76 Ukrainian Chess Championship (Final)"]
[Site "Kharkiv"]
[Date "2007.11.17"]
[Round "1"]
[White "Nosenko, Alexander"]
[Black "Oleksienko, Mikhailo"]
[Result "1/2-1/2"]
[WhiteElo "2504"]
[BlackElo "2587"]
[PlyCount "134"]
[EventDate "2007.11.17"]

1. d4 Nf6 2. Nf3 e6 3. Bg5 c5 4. c3 h6 5. Bxf6 gxf6 6. Nbd2 f5 7. e3 b6 8. Ne5
Bg7 9. Qh5 Qe7 10. f4 Bb7 11. O-O-O d6 12. Bb5+ Kf8 13. Nef3 a6 14. Bd3 Nd7 15.
h3 Nf6 16. Qh4 Nd5 17. Qf2 cxd4 18. Nxd4 Nf6 19. Rhe1 Ne4 20. Bxe4 fxe4 21. Rf1
Bf6 22. g4 b5 23. Kb1 Bd5 24. Rc1 Rb8 25. f5 e5 26. Ne2 h5 27. gxh5 Rxh5 28.
Ng3 Bh4 29. Qe2 Rh6 30. Ngxe4 Bc4 31. Nxc4 bxc4 32. Rfd1 Qc7 33. Rc2 Qc6 34.
Nd2 d5 35. e4 Rd8 36. Nf3 dxe4 37. Nxe5 Rxd1+ 38. Qxd1 Qc7 39. Ng4 Rd6 40. Qe2
Bg5 41. b3 cxb3 42. axb3 e3 43. f6 Qc5 44. Kb2 Re6 45. Qf3 Qb5 46. c4 Qc5 47.
Ka2 Qa5+ 48. Kb2 Qd8 49. c5 Qd4+ 50. Ka2 Bxf6 51. Nxf6 Rxf6 52. Qa8+ Kg7 53.
Qg2+ Rg6 54. Qf1 Qe4 55. Kb2 f5 56. c6 Rxc6 57. Rxc6 Qxc6 58. Qg1+ Kf7 59. Qxe3
Qf6+ 60. Kc2 f4 61. Qf3 Qf5+ 62. Kd2 a5 63. Ke2 Kf6 64. Kf1 Qb1+ 65. Kg2 Qc2+
66. Kf1 Qc1+ 67. Kg2 Qc2+ 1/2-1/2

[Event "76 Ukrainian Chess Championship (Final)"]
[Site "Kharkiv"]
[Date "2007.11.17"]
[Round "1"]
[White "Kuzubov, Yuriy"]
[Black "Zubarev, Alexander"]
[Result "1/2-1/2"]
[WhiteElo "2582"]
[BlackElo "2500"]
[PlyCount "36"]
[EventDate "2007.11.17"]

1. d4 e6 2. c4 Bb4+ 3. Nd2 c5 4. a3 Bxd2+ 5. Qxd2 cxd4 6. Nf3 Nf6 7. g3 Nc6 8.
Nxd4 Qb6 9. Nb5 d5 10. Qd3 Ng4 11. Be3 Nxe3 12. Qxe3 d4 13. Qd2 O-O 14. Bg2 Rd8
15. Rc1 Na5 16. Qb4 Bd7 17. Nxd4 Qxd4 18. Qxa5 Qxb2 1/2-1/2

[Event "76 Ukrainian Chess Championship (Final)"]
[Site "Kharkiv"]
[Date "2007.11.17"]
[Round "1"]
[White "Tarlev, Konstantin"]
[Black "Zubov, Alexander"]
[Result "0-1"]
[WhiteElo "2490"]
[BlackElo "2556"]
[PlyCount "68"]
[EventDate "2007.11.17"]

1. e4 c5 2. Nf3 d6 3. d4 Nf6 4. Nc3 cxd4 5. Nxd4 a6 6. f4 e5 7. Nf3 Qc7 8. a4
Be7 9. f5 Nbd7 10. Be3 b6 11. Nd2 Bb7 12. Bc4 O-O 13. O-O Nc5 14. Bd5 Rfe8 15.
Qe2 Ncxe4 16. Bxe4 d5 17. Nxd5 Nxd5 18. Kh1 Rad8 19. Rae1 h6 20. Bxd5 Bxd5 21.
Qg4 h5 22. Qxh5 Qxc2 23. Rf2 Qc6 24. Nf3 Bf6 25. h4 Bxf3 26. Rxf3 Qxa4 27. Bg5
Rd1 28. Rfe3 Rxe1+ 29. Rxe1 Qc6 30. Rc1 Qd6 31. Rd1 Qe7 32. Bxf6 Qxf6 33. Qg5
Qc6 34. Qc1 Qa4 0-1

[Event "76 Ukrainian Chess Championship (Final)"]
[Site "Kharkiv"]
[Date "2007.11.17"]
[Round "1"]
[White "Romanishin, Oleg M"]
[Black "Maximov, Dmitry"]
[Result "1-0"]
[WhiteElo "2547"]
[BlackElo "2488"]
[PlyCount "85"]
[EventDate "2007.11.17"]

1. d4 Nf6 2. Nf3 g6 3. g3 Bg7 4. Bg2 O-O 5. O-O d6 6. a4 Nc6 7. a5 e5 8. d5 Ne7
9. c4 c6 10. Nc3 cxd5 11. cxd5 Ne8 12. Nd2 Bd7 13. Qb3 Qc7 14. Nde4 h6 15. Nb5
Qb8 16. Bd2 f5 17. Nexd6 Nf6 18. Rac1 Kh7 19. Nc7 e4 20. Nxb7 Nfxd5 21. Nxa8
Qxa8 22. a6 Rf6 23. Bc3 Nxc3 24. Rxc3 Rxa6 25. Nc5 Rb6 26. Qa3 Bc6 27. Rb3 Rxb3
28. Nxb3 Nd5 29. e3 Bf8 30. Qa6 Nb4 31. Qa5 Bd5 32. Nd4 Nd3 33. Ra1 Bc5 34.
Qc7+ Kh8 35. Bf1 Bb6 36. Qd6 Nxb2 37. Qxg6 Qf8 38. Ne6 Qe7 39. Qxh6+ Kg8 40.
Qg6+ Kh8 41. Nf4 Qf7 42. Qh6+ Kg8 43. Qg5+ 1-0

[Event "76 Ukrainian Chess Championship (Final)"]
[Site "Kharkiv"]
[Date "2007.11.17"]
[Round "1"]
[White "Rogovski, Vladimir"]
[Black "Aveskulov, Valeriy"]
[Result "0-1"]
[WhiteElo "2485"]
[BlackElo "2545"]
[PlyCount "106"]
[EventDate "2007.11.17"]

1. e4 c5 2. Nf3 d6 3. d4 Nf6 4. Nc3 cxd4 5. Nxd4 a6 6. Be3 e5 7. Nf3 Be7 8. Bc4
O-O 9. O-O Nc6 10. Qe2 Na5 11. Bd5 Bd7 12. Rfd1 Rc8 13. a4 h6 14. Nd2 Qc7 15.
f3 Be6 16. Rac1 Nc6 17. Qc4 Bxd5 18. Nxd5 Nxd5 19. exd5 Bg5 20. Bxg5 Qb6+ 21.
Kh1 Nd4 22. Qd3 hxg5 23. b4 g6 24. g4 Qxb4 25. c3 Qa3 26. Nc4 Rxc4 27. Qxc4
Nxf3 28. Rc2 b5 29. axb5 axb5 30. Qe4 Nh4 31. Rf1 Qc5 32. h3 f5 33. gxf5 gxf5
34. Qd3 Kg7 35. Rg1 Kf6 36. Ra2 e4 37. Qg3 Nf3 38. Rd1 Rh8 39. Ra6 g4 40. Qxd6+
Qxd6 41. Rxd6+ Kg5 42. Kg2 Rxh3 43. Rh1 Nh4+ 44. Kg1 Rxc3 45. Kf2 g3+ 46. Ke2
Rc2+ 47. Ke3 Nf3 48. Rd8 Rc3+ 49. Ke2 g2 50. Rg8+ Kf4 51. Ra1 Rc2+ 52. Kd1 Rf2
53. d6 Ng5 0-1

[Event "76 Ukrainian Chess Championship (Final)"]
[Site "Kharkiv"]
[Date "2007.11.17"]
[Round "1"]
[White "Shishkin, Vadim"]
[Black "Onischuk, Vladimir"]
[Result "0-1"]
[WhiteElo "2530"]
[BlackElo "2469"]
[PlyCount "78"]
[EventDate "2007.11.17"]

1. d4 Nf6 2. c4 g6 3. Nc3 Bg7 4. e4 d6 5. Be2 O-O 6. Nf3 c6 7. O-O Nbd7 8. Be3
e5 9. d5 c5 10. Rb1 h6 11. Ne1 Ne8 12. Qd2 Kh7 13. Nd3 f5 14. exf5 gxf5 15. f4
e4 16. Nf2 Ndf6 17. b4 b6 18. Kh1 a5 19. a3 axb4 20. axb4 Ra3 21. Nb5 Ra6 22.
Rg1 h5 23. Nh3 Ng4 24. Ng5+ Kg6 25. h3 Nxe3 26. Qxe3 Bf6 27. Ne6 Bxe6 28. dxe6
Ra2 29. bxc5 bxc5 30. Rbd1 Bg7 31. Rd5 Qh4 32. g4 Kh7 33. e7 Rf7 34. gxf5 Rxe7
35. Bxh5 Nf6 36. Bg6+ Kh6 37. Rxd6 Rf2 38. Rg2 Rf1+ 39. Rg1 Rf3 0-1

[Event "76 Ukrainian Chess Championship (Final)"]
[Site "Kharkiv"]
[Date "2007.11.17"]
[Round "1"]
[White "Tukhaev, Adam"]
[Black "Kovalenko, Igor"]
[Result "1/2-1/2"]
[WhiteElo "2517"]
[BlackElo "2429"]
[PlyCount "168"]
[EventDate "2007.11.17"]

1. e4 e5 2. Nf3 Nc6 3. Bb5 a6 4. Bxc6 dxc6 5. O-O Ne7 6. Nxe5 Qd4 7. Qh5 g6 8.
Nf3 Qxe4 9. Qa5 Bg4 10. Qc3 Rg8 11. Re1 Qd5 12. Ne5 Be6 13. d3 g5 14. Qb4 c5
15. Qa4+ b5 16. Qa5 Qb7 17. a4 b4 18. Qxc5 O-O-O 19. f3 Nf5 20. Qf2 Rd5 21. Kh1
Bc5 22. Qe2 g4 23. fxg4 Nd4 24. Qd2 Rxe5 25. Rxe5 Nf3 26. Rxc5 Nxd2 27. Nxd2
Bxg4 28. Ne4 Kb8 29. Bf4 Rc8 30. a5 Be6 31. Re1 Bd5 32. Kg1 Ka8 33. Re2 Qa7 34.
d4 c6 35. Nf6 Be6 36. c3 bxc3 37. bxc3 Qb7 38. h3 Qb1+ 39. Kh2 Qf1 40. Re4 Kb7
41. Be5 Rd8 42. Rf4 Qe2 43. Rf3 h6 44. Bg3 Qa2 45. Rf2 Qa4 46. Rb2+ Bb3 47. Re2
Be6 48. Bf4 Qa1 49. Rf2 Rh8 50. Be5 Rd8 51. Ne4 Rd5 52. Nd6+ Ka8 53. Rxc6 Rxa5
54. Rb6 Ra2 55. Rf3 Rb2 56. Rxb2 Qxb2 57. c4 a5 58. Rg3 f6 59. Bxf6 a4 60. Re3
Bd7 61. Be5 Qd2 62. Rf3 Bc6 63. d5 Bxd5 64. Rf8+ Ka7 65. Nb5+ Kb6 66. Bd4+ Kb7
67. cxd5 a3 68. d6 Kc6 69. Rf5 a2 70. Rc5+ Kb7 71. h4 Qxd4 72. Nxd4 a1=Q 73.
Nf5 Qd1 74. Rc7+ Kb6 75. Rc3 Qd5 76. Rf3 h5 77. Rf1 Qe4 78. Kh1 Kc6 79. Rc1+
Kd7 80. Rc7+ Kd8 81. Rf7 Qe1+ 82. Kh2 Qe5+ 83. Kh3 Qe3+ 84. Kh2 Qe5+ 1/2-1/2

[Event "76 Ukrainian Chess Championship (Final)"]
[Site "Kharkiv"]
[Date "2007.11.18"]
[Round "2"]
[White "Zubov, Alexander"]
[Black "Arzumanian, Georgy"]
[Result "1/2-1/2"]
[WhiteElo "2556"]
[BlackElo "2493"]
[PlyCount "93"]
[EventDate "2007.11.17"]

1. e4 c5 2. Nf3 Nc6 3. d4 cxd4 4. Nxd4 Qb6 5. Nb3 Nf6 6. Nc3 e6 7. a3 Qc7 8. f4
d6 9. g4 a6 10. Bg2 Be7 11. Be3 Rb8 12. g5 Nd7 13. O-O O-O 14. Rf2 b5 15. a4 b4
16. Ne2 Re8 17. Ng3 Bf8 18. Qd3 Na5 19. Nxa5 Qxa5 20. Rd2 Bb7 21. Qe2 Nc5 22.
b3 Rbc8 23. Qf2 Qc7 24. Rad1 a5 25. h4 Qb8 26. Bd4 Qa8 27. Qe2 e5 28. fxe5 dxe5
29. Ba1 Ne6 30. Bxe5 Nc5 31. Bd6 Nxe4 32. Nxe4 Bxe4 33. Bxf8 Kxf8 34. Bxe4 Qxe4
35. Qxe4 Rxe4 36. Rd8+ Re8 37. Rxc8 Rxc8 38. Rd5 Rxc2 39. Rxa5 Rb2 40. Rb5 Rxb3
41. a5 g6 42. Kg2 Ra3 43. Rxb4 Rxa5 44. Kg3 Kg7 45. Rb7 Rf5 46. Kg4 h6 47. Ra7
1/2-1/2

[Event "76 Ukrainian Chess Championship (Final)"]
[Site "Kharkiv"]
[Date "2007.11.18"]
[Round "2"]
[White "Onischuk, Vladimir"]
[Black "Romanishin, Oleg M"]
[Result "1-0"]
[WhiteElo "2469"]
[BlackElo "2547"]
[PlyCount "141"]
[EventDate "2007.11.17"]

1. e4 e5 2. Nf3 Nc6 3. Bb5 a6 4. Ba4 Nf6 5. O-O Be7 6. Re1 b5 7. Bb3 d6 8. c3
O-O 9. h3 Na5 10. Bc2 c5 11. d4 Nd7 12. d5 c4 13. Be3 Nb6 14. Nbd2 Qc7 15. Nf1
Nb7 16. g4 Nc5 17. Ng3 g6 18. Kh2 a5 19. Rg1 Kh8 20. Qd2 f6 21. Nh4 Rg8 22. Ng2
Ba6 23. f4 Nd3 24. Bxd3 cxd3 25. b3 Nd7 26. f5 g5 27. Rgc1 Qb8 28. Ne1 Bd8 29.
Nxd3 Bb6 30. Kg2 Ra7 31. Kf3 Rc7 32. Rc2 Kg7 33. Bxb6 Qxb6 34. Rh1 h6 35. h4
Rcc8 36. Qe3 Qxe3+ 37. Kxe3 Kf7 38. hxg5 Rxg5 39. Kf3 Rcg8 40. Rh4 Rh8 41. Rch2
Rc8 42. Ne2 Rcg8 43. Nf2 b4 44. c4 Nc5 45. Rxh6 a4 46. Nc1 Rb8 47. Rh7+ Rg7 48.
Nfd3 Nd7 49. Rh8 Nf8 50. Nb2 a3 51. Nd1 Rg8 52. Ne3 Rxh8 53. Rxh8 Kg7 54. Rh2
Nh7 55. Nc2 Ng5+ 56. Ke3 Kf7 57. Nd3 Bxc4 58. bxc4 Rc8 59. Ndxb4 Rxc4 60. Kd3
Rxe4 61. Rh7+ Ke8 62. Rh8+ Kd7 63. Ra8 Rxg4 64. Ra7+ Ke8 65. Rxa3 Ne4 66. Ra8+
Kf7 67. a4 Nc5+ 68. Ke2 Re4+ 69. Kd2 Rf4 70. a5 Rxf5 71. a6 1-0

[Event "76 Ukrainian Chess Championship (Final)"]
[Site "Kharkiv"]
[Date "2007.11.18"]
[Round "2"]
[White "Aveskulov, Valeriy"]
[Black "Truskavetsky, Alexandr"]
[Result "1-0"]
[WhiteElo "2545"]
[BlackElo "2398"]
[PlyCount "43"]
[EventDate "2007.11.17"]

1. e4 c5 2. Nf3 e6 3. d4 cxd4 4. Nxd4 a6 5. Be2 b5 6. O-O Bb7 7. Bf3 d6 8. a4
b4 9. Qd2 d5 10. exd5 Bxd5 11. Qe2 Nf6 12. Rd1 Ra7 13. Bxd5 Nxd5 14. c4 bxc3
15. Nxc3 Nxc3 16. bxc3 Qc7 17. Rb1 Be7 18. Qg4 Bf6 19. Ba3 h5 20. Qe4 Be7 21.
Nxe6 Qc8 22. Rxb8 1-0

[Event "76 Ukrainian Chess Championship (Final)"]
[Site "Kharkiv"]
[Date "2007.11.18"]
[Round "2"]
[White "Kovalenko, Igor"]
[Black "Kuzubov, Yuriy"]
[Result "0-1"]
[WhiteElo "2429"]
[BlackElo "2582"]
[PlyCount "73"]
[EventDate "2007.11.17"]

1. e4 c5 2. Nf3 Nc6 3. d4 cxd4 4. Nxd4 g6 5. Nc3 Bg7 6. Be3 Nf6 7. Bc4 O-O 8.
Bb3 e6 9. O-O d5 10. exd5 exd5 11. Re1 Ng4 12. Nxd5 Nxe3 13. fxe3 Nxd4 14. exd4
Be6 15. Qf3 a5 16. Nc3 a4 17. Bxe6 fxe6 18. Qxb7 Qxd4+ 19. Kh1 a3 20. Rad1 Qc4
21. Ne4 axb2 22. Ng5 Rab8 23. Qa7 Qb5 24. Nxe6 Rf7 25. a4 Rxa7 26. axb5 Bc3 27.
Rf1 Ra1 28. Nc7 Be5 29. Rb1 Bxc7 30. Rxa1 bxa1=Q 31. Rxa1 Rxb5 32. g3 Rc5 33.
Ra2 Rc3 34. Kg2 Bb6 35. Rb2 Bd4 36. Ra2 Kg7 37. Kh1 0-1

[Event "76 Ukrainian Chess Championship (Final)"]
[Site "Kharkiv"]
[Date "2007.11.18"]
[Round "2"]
[White "Drozdovskij, Yuri"]
[Black "Jakimov, Vladimir"]
[Result "1-0"]
[WhiteElo "2567"]
[BlackElo "2434"]
[PlyCount "69"]
[EventDate "2007.11.17"]

1. d4 d5 2. c4 e6 3. Nf3 c5 4. cxd5 exd5 5. Nc3 Nc6 6. g3 c4 7. Bg2 Bb4 8. O-O
Nge7 9. e4 dxe4 10. Nxe4 Bg4 11. a3 Ba5 12. Nc5 Bb6 13. Nxb7 Qc7 14. d5 Qxb7
15. dxc6 Qxc6 16. Bf4 O-O 17. Ne5 Qxg2+ 18. Kxg2 Bxd1 19. Rfxd1 Ng6 20. Nxc4
Nxf4+ 21. gxf4 Bc7 22. Kf3 Rab8 23. b4 Rb5 24. Rd7 Bb8 25. Rad1 Rh5 26. Rd8
Bxf4 27. Rxf8+ Kxf8 28. Kxf4 Rh4+ 29. Ke5 Rxc4 30. Rd7 a5 31. b5 Ke8 32. Ra7
Kd8 33. Rxf7 g5 34. b6 Kc8 35. Rc7+ 1-0

[Event "76 Ukrainian Chess Championship (Final)"]
[Site "Kharkiv"]
[Date "2007.11.18"]
[Round "2"]
[White "Tarlev, Konstantin"]
[Black "Solodovnichenko, Yuri"]
[Result "1/2-1/2"]
[WhiteElo "2490"]
[BlackElo "2564"]
[PlyCount "77"]
[EventDate "2007.11.17"]

1. e4 c5 2. Nf3 d6 3. d4 Nf6 4. Nc3 cxd4 5. Nxd4 a6 6. Be3 e6 7. g4 e5 8. Nf5
g6 9. g5 gxf5 10. exf5 d5 11. Qf3 d4 12. O-O-O Nbd7 13. Bd2 Bb4 14. Nb1 Be7 15.
Bc4 Qc7 16. gxf6 Nxf6 17. Rhe1 Bd7 18. Qg3 O-O-O 19. Qxe5 Qxe5 20. Rxe5 Bd6 21.
Re2 Rde8 22. Bg5 Rxe2 23. Bxe2 Re8 24. Bf3 Ne4 25. Bxe4 Rxe4 26. Nd2 Rg4 27. h4
Bxf5 28. Nf3 Bc5 29. Re1 Be6 30. Ne5 Rg2 31. Nd3 Bb6 32. Nf4 Rxf2 33. Nxe6 fxe6
34. Rxe6 Ba5 35. Rf6 Rxf6 36. Bxf6 Kd7 37. Bxd4 Ke6 38. c4 h5 39. Kd1 1/2-1/2

[Event "76 Ukrainian Chess Championship (Final)"]
[Site "Kharkiv"]
[Date "2007.11.18"]
[Round "2"]
[White "Maximov, Dmitry"]
[Black "Shishkin, Vadim"]
[Result "1/2-1/2"]
[WhiteElo "2488"]
[BlackElo "2530"]
[PlyCount "63"]
[EventDate "2007.11.17"]

1. e4 c5 2. Nf3 Nc6 3. d4 cxd4 4. Nxd4 Nf6 5. Nc3 d6 6. Bc4 e5 7. Nde2 Be6 8.
Bb3 h6 9. Qd3 Be7 10. Nd5 O-O 11. c3 Nd7 12. Qf3 Nc5 13. Bc2 f5 14. exf5 e4 15.
Nxe7+ Qxe7 16. Bxe4 Ne5 17. Qe3 Nxe4 18. Qxe4 Bxf5 19. Qd5+ Kh8 20. O-O Bd3 21.
Re1 Bc4 22. Qe4 Qf7 23. Be3 Rae8 24. Qc2 Bxa2 25. Nf4 a6 26. Qd2 Nc4 27. Qd4
Kg8 28. Rf1 Bb3 29. Rae1 Ne5 30. Ra1 Nc4 31. Rae1 Ne5 32. Ra1 1/2-1/2

[Event "76 Ukrainian Chess Championship (Final)"]
[Site "Kharkiv"]
[Date "2007.11.18"]
[Round "2"]
[White "Kononenko, Dmitry"]
[Black "Rogovski, Vladimir"]
[Result "1/2-1/2"]
[WhiteElo "2513"]
[BlackElo "2485"]
[PlyCount "71"]
[EventDate "2007.11.17"]

1. e4 e5 2. Nf3 Nc6 3. Bb5 a6 4. Ba4 Nf6 5. O-O Be7 6. Re1 b5 7. Bb3 d6 8. c3
O-O 9. h3 Na5 10. Bc2 c5 11. d4 Qc7 12. Nbd2 cxd4 13. cxd4 Rd8 14. b3 Nc6 15.
Bb2 exd4 16. Nxd4 Nxd4 17. Bxd4 Be6 18. Rc1 Qa5 19. Bb1 Rac8 20. Nf3 Rxc1 21.
Qxc1 Rc8 22. Qe3 Nd7 23. Rd1 b4 24. Bb2 Qh5 25. Qa7 Qb5 26. Bd3 Qb6 27. Qxb6
Nxb6 28. Bd4 Nd7 29. Bxa6 Ra8 30. Bb5 Rxa2 31. Bxd7 Bxd7 32. Rc1 Bd8 33. e5
dxe5 34. Nxe5 Be6 35. Nc6 Bg5 36. Nxb4 1/2-1/2

[Event "76 Ukrainian Chess Championship (Final)"]
[Site "Kharkiv"]
[Date "2007.11.19"]
[Round "3"]
[White "Onischuk, Vladimir"]
[Black "Aveskulov, Valeriy"]
[Result "1/2-1/2"]
[WhiteElo "2469"]
[BlackElo "2545"]
[PlyCount "35"]
[EventDate "2007.11.17"]

1. e4 c5 2. Nf3 d6 3. d4 Nf6 4. Nc3 cxd4 5. Nxd4 a6 6. a4 e5 7. Nf3 Be7 8. Be2
O-O 9. O-O Be6 10. Re1 h6 11. Bf1 Nbd7 12. b3 Qc7 13. Bb2 Qc6 14. Nd2 Rac8 15.
Nc4 Nb6 16. Nxb6 Qxb6 17. Qf3 Rc6 18. Bd3 1/2-1/2

[Event "76 Ukrainian Chess Championship (Final)"]
[Site "Kharkiv"]
[Date "2007.11.19"]
[Round "3"]
[White "Miroshnichenko, Evgenij"]
[Black "Drozdovskij, Yuri"]
[Result "1/2-1/2"]
[WhiteElo "2651"]
[BlackElo "2567"]
[PlyCount "91"]
[EventDate "2007.11.17"]

1. c4 Nf6 2. d4 e6 3. Nf3 d5 4. g3 dxc4 5. Bg2 a6 6. O-O Nc6 7. e3 Bd7 8. Nc3
Nd5 9. e4 Nxc3 10. bxc3 Be7 11. h4 O-O 12. e5 Be8 13. Ng5 h6 14. Nh3 f6 15. Nf4
Qd7 16. Qg4 Bf7 17. Re1 fxe5 18. dxe5 Bc5 19. Nh3 Kh8 20. Qxc4 Bb6 21. Ba3 Rfd8
22. Nf4 Na5 23. Qb4 Kg8 24. Bc1 Qb5 25. Qe4 Qc5 26. Be3 Qc4 27. Qxc4 Nxc4 28.
Bxb6 cxb6 29. Rad1 Rxd1 30. Rxd1 g5 31. hxg5 hxg5 32. Nh3 g4 33. Ng5 Nxe5 34.
Re1 Nf3+ 35. Nxf3 gxf3 36. Bxf3 Rc8 37. Bxb7 Rxc3 38. Bxa6 Kg7 39. Rb1 e5 40.
Rxb6 Bxa2 41. Rd6 Bb1 42. Bb7 Bf5 43. Kg2 Rc2 44. Kf3 Rc3+ 45. Ke2 Rc2+ 46. Ke3
1/2-1/2

[Event "76 Ukrainian Chess Championship (Final)"]
[Site "Kharkiv"]
[Date "2007.11.19"]
[Round "3"]
[White "Tukhaev, Adam"]
[Black "Kryvoruchko, Yuriy"]
[Result "1/2-1/2"]
[WhiteElo "2517"]
[BlackElo "2598"]
[PlyCount "88"]
[EventDate "2007.11.17"]

1. e4 c5 2. Nf3 e6 3. d4 cxd4 4. Nxd4 Nf6 5. Nc3 Nc6 6. Ndb5 d6 7. Bf4 e5 8.
Bg5 a6 9. Na3 b5 10. Nd5 Be7 11. Bxf6 Bxf6 12. c4 b4 13. Nc2 a5 14. g3 O-O 15.
h4 Nb8 16. b3 Na6 17. Bh3 Be6 18. Kf1 Nc5 19. Qf3 Bxd5 20. cxd5 a4 21. Kg2 Qb6
22. Ne3 Ra6 23. Nc4 Qa7 24. Rab1 Be7 25. Rb2 axb3 26. axb3 Ra2 27. Rhb1 Rxb2
28. Rxb2 Qa1 29. Qe2 Ra8 30. Nb6 Ra5 31. Na4 Nxa4 32. bxa4 Rxa4 33. Bd7 Ra7 34.
Bc6 Qc1 35. Qe3 Qc5 36. Qe1 Qc3 37. Qxc3 bxc3 38. Rb3 c2 39. Rc3 Ra2 40. Bb5 g5
41. h5 Kg7 42. Rc6 Bd8 43. Bd3 Bb6 44. Rxc2 Rxc2 1/2-1/2

[Event "76 Ukrainian Chess Championship (Final)"]
[Site "Kharkiv"]
[Date "2007.11.19"]
[Round "3"]
[White "Arzumanian, Georgy"]
[Black "Brodsky, Michail"]
[Result "1/2-1/2"]
[WhiteElo "2493"]
[BlackElo "2597"]
[PlyCount "27"]
[EventDate "2007.11.17"]

1. e4 c5 2. Nf3 d6 3. d4 Nf6 4. Nc3 cxd4 5. Nxd4 a6 6. Be2 e5 7. Nb3 Be7 8. O-O
O-O 9. Be3 Be6 10. a4 Nc6 11. Bf3 Na5 12. Nxa5 Qxa5 13. Qd2 Rfc8 14. Rfd1
1/2-1/2

[Event "76 Ukrainian Chess Championship (Final)"]
[Site "Kharkiv"]
[Date "2007.11.19"]
[Round "3"]
[White "Malaniuk, Vladimir P"]
[Black "Oleksienko, Mikhailo"]
[Result "1-0"]
[WhiteElo "2496"]
[BlackElo "2587"]
[PlyCount "99"]
[EventDate "2007.11.17"]

1. d4 Nf6 2. Nf3 e6 3. c4 c5 4. d5 d6 5. Nc3 exd5 6. cxd5 g6 7. e4 a6 8. h3 b5
9. Bd3 Bg7 10. O-O O-O 11. Re1 Re8 12. a3 Ra7 13. Bf4 Rae7 14. Rc1 Qb6 15. b4
Nbd7 16. Qd2 Nh5 17. Bg5 c4 18. Bxe7 Rxe7 19. Bf1 Ne5 20. Nh2 h6 21. Qe3 Qxe3
22. Rxe3 Nf4 23. Nf3 g5 24. Nxe5 Bxe5 25. a4 Bd7 26. axb5 axb5 27. g3 Nh5 28.
Be2 Nf6 29. Bf3 Re8 30. Re2 Ra8 31. Ra2 Rxa2 32. Nxa2 Bxh3 33. Nc3 Bd7 34. Rc2
h5 35. Ne2 h4 36. Bh1 Nh5 37. gxh4 gxh4 38. Bf3 Nf4 39. Nxf4 Bxf4 40. Ra2 Kf8
41. Ra8+ Ke7 42. Ra7 Kd8 43. Ra8+ Kc7 44. Ra7+ Kc8 45. Ra8+ Kb7 46. Rf8 Be5 47.
Rxf7 Kc8 48. Bh5 Be8 49. Rf8 c3 50. Rxe8+ 1-0

[Event "76 Ukrainian Chess Championship (Final)"]
[Site "Kharkiv"]
[Date "2007.11.19"]
[Round "3"]
[White "Romanishin, Oleg M"]
[Black "Kovchan, Alexander"]
[Result "1/2-1/2"]
[WhiteElo "2547"]
[BlackElo "2507"]
[PlyCount "65"]
[EventDate "2007.11.17"]

1. d4 Nf6 2. Nf3 g6 3. g3 d5 4. Bg2 c6 5. O-O Nbd7 6. Bf4 Bg7 7. Qc1 Nb6 8. b3
Be6 9. Bh6 O-O 10. Bxg7 Kxg7 11. Nbd2 Bg4 12. c4 Bxf3 13. Nxf3 e6 14. e3 Qe7
15. Rb1 Rfc8 16. Qb2 Nbd7 17. Rfc1 Ne8 18. Rc2 Nd6 19. Rbc1 a6 20. Ne5 Qd8 21.
Nd3 Kg8 22. Qa3 Nf6 23. Ne5 Nfe8 24. Bh3 Rc7 25. Qa5 Rac8 26. a4 Qe7 27. Qe1
Ne4 28. c5 Ng5 29. Bg2 f6 30. Nd3 e5 31. f4 Nf7 32. b4 Ng7 33. Qf2 1/2-1/2

[Event "76 Ukrainian Chess Championship (Final)"]
[Site "Kharkiv"]
[Date "2007.11.19"]
[Round "3"]
[White "Solodovnichenko, Yuri"]
[Black "Maximov, Dmitry"]
[Result "1-0"]
[WhiteElo "2564"]
[BlackElo "2488"]
[PlyCount "111"]
[EventDate "2007.11.17"]

1. e4 c5 2. Nf3 d6 3. d4 cxd4 4. Nxd4 Nf6 5. Nc3 Nc6 6. Bg5 e6 7. Qd2 a6 8.
O-O-O Bd7 9. f3 h6 10. Be3 Qc7 11. g4 Ne5 12. Qg2 Rc8 13. h4 g6 14. g5 hxg5 15.
Bxg5 Bg7 16. f4 Nc6 17. Ndb5 axb5 18. Nxb5 Qa5 19. Nxd6+ Kf8 20. Nxc8 Bxc8 21.
Bc4 Qb4 22. e5 Qxc4 23. exf6 Bxf6 24. Qf2 Bxg5 25. hxg5 Rxh1 26. Rxh1 Nb4 27.
Qd2 Nd5 28. b3 Qc7 29. Qd4 Bd7 30. Qe5 Qxe5 31. fxe5 Nc3 32. Kb2 Ne4 33. Rg1
Bc6 34. Kc1 Ke7 35. a4 Kd7 36. Kd1 Kc7 37. Ke2 Kb6 38. Ke3 Nc3 39. Rf1 Kc5 40.
Rxf7 Kd5 41. Rg7 Kxe5 42. Rxg6 Nd5+ 43. Kd2 Kf5 44. Rg7 e5 45. c4 Nf4 46. a5
Ne6 47. Rf7+ Kxg5 48. b4 Kg6 49. Rf1 Ng5 50. Ke3 Bd7 51. b5 Be6 52. c5 Bc4 53.
a6 bxa6 54. b6 Bd5 55. Rd1 Bf3 56. c6 1-0

[Event "76 Ukrainian Chess Championship (Final)"]
[Site "Kharkiv"]
[Date "2007.11.19"]
[Round "3"]
[White "Jakimov, Vladimir"]
[Black "Kononenko, Dmitry"]
[Result "1-0"]
[WhiteElo "2434"]
[BlackElo "2513"]
[PlyCount "83"]
[EventDate "2007.11.17"]

1. e4 c5 2. Nc3 Nc6 3. g3 g6 4. Bg2 Bg7 5. d3 d6 6. Be3 Nd4 7. Qd2 Qa5 8. h3 e6
9. Nge2 Ne7 10. Nc1 Nec6 11. O-O O-O 12. Nb3 Qa6 13. f4 b6 14. g4 Bd7 15. f5 f6
16. Qf2 Nxb3 17. axb3 Qb7 18. Qg3 Ne5 19. Ne2 Rae8 20. d4 cxd4 21. Nxd4 Rf7 22.
Rad1 Bf8 23. g5 fxg5 24. Qxg5 Be7 25. Qg3 Qc8 26. h4 Kh8 27. fxe6 Bxe6 28. Bf4
Bg4 29. Bxe5+ dxe5 30. Rxf7 Bc5 31. Rdf1 Bxd4+ 32. Kh1 Be6 33. R7f6 Qxc2 34.
Qg5 Bg8 35. Rf7 Re6 36. Qh6 Bxf7 37. Rxf7 Qb1+ 38. Rf1 Qxf1+ 39. Bxf1 Rf6 40.
Bc4 Rf4 41. Qg5 a5 42. h5 1-0

[Event "76 Ukrainian Chess Championship (Final)"]
[Site "Kharkiv"]
[Date "2007.11.19"]
[Round "3"]
[White "Nosenko, Alexander"]
[Black "Kovalenko, Igor"]
[Result "1/2-1/2"]
[WhiteElo "2504"]
[BlackElo "2429"]
[PlyCount "91"]
[EventDate "2007.11.17"]

1. d4 f5 2. Nc3 d5 3. Bg5 c6 4. Qd2 Nf6 5. f3 Be6 6. Nh3 Nbd7 7. Nf4 Bf7 8. Nd3
Qa5 9. e3 h6 10. Bh4 e6 11. Be2 c5 12. dxc5 Nxc5 13. Ne5 a6 14. O-O-O Na4 15.
Nxa4 Qxa4 16. Qd4 Qxa2 17. Qb6 Qa1+ 18. Kd2 Qa4 19. c3 Nd7 20. Qxb7 Rb8 21.
Qxd7+ Qxd7 22. Nxd7 Rxb2+ 23. Kd3 Kxd7 24. Rb1 Rxb1 25. Rxb1 Kc6 26. Ra1 Bc5
27. Rxa6+ Kb7 28. Kd2 Ra8 29. Rxa8 Kxa8 30. Bg3 Be8 31. Be5 g6 32. c4 Kb7 33.
cxd5 exd5 34. Bd3 h5 35. h3 Bb4+ 36. Ke2 Kb6 37. Kf2 Bb5 38. Bc2 Bd7 39. Bd4+
Kc6 40. Be5 Kb5 41. Bb3 Bc6 42. g4 hxg4 43. hxg4 fxg4 44. fxg4 Be7 45. Kg3 g5
46. Kf2 1/2-1/2